000 01063nas a2200349 4500
001 BR0501121
003 BR-BrBNA
005 20231205105212.0
007 ta
008 230509b bl.|||p| |||| 00| 00por d
040 _aBR-BrBNA
_bpor
_cBiblioteca Nacional de Agricultura
041 _a(Pt)
072 _aH50; L70
100 1 _aCastro, D.B.
100 1 _aSantos, D.B.
100 1 _aFerreira, H.D.
100 1 _aSantos, S.C.
100 1 _aChen-Chen, L.
245 1 _aAtividades mutagênica e citotóxica do extrato de Cochiospermum regium Mart. (algodãozinho-do-campo)em camundongos
650 _aPLANTA MEDICINAL
650 _aCOCHLOSPERMUM REGIUM
650 _aPIRIQUITEIRA
650 _aEXTRATO VEGETAL
650 _aRIZOMA
650 _aMUTAGÊNICO
650 _aCAMUNDONGO
650 _aEXPERIÊNCIA DE LABORATÓRIO
650 _aGOIÁS
773 0 _tRevista Brasileira de Plantas Medicinais (Brazil)
_xISSN 1516-0572
_g(Jun 2004), v. 6(3) p. 15-19
_wBR0501121
909 _a202311
_bLúcia
_c55
_dLúcia Elande
942 _2AGRIS
_n0
_cANA
999 _c181737
_d181737